|
|
|
|
| LEADER |
01639cas a2200241 a 4500 |
| 001 |
AALejournalIMF007347 |
| 008 |
230101c9999 xx r poo 0 0eng d |
| 020 |
|
|
|c 5.00 USD
|
| 020 |
|
|
|z 9781451954722
|
| 022 |
|
|
|a 1018-5941
|
| 040 |
|
|
|a BD-DhAAL
|c BD-DhAAL
|
| 100 |
1 |
|
|a Wickham, Peter.
|
| 245 |
1 |
0 |
|a Volatility of Oil Prices /
|c Peter Wickham.
|
| 264 |
|
1 |
|a Washington, D.C. :
|b International Monetary Fund,
|c 1996.
|
| 300 |
|
|
|a 1 online resource (20 pages)
|
| 490 |
1 |
|
|a IMF Working Papers
|
| 500 |
|
|
|a <strong>Off-Campus Access:</strong> No User ID or Password Required
|
| 500 |
|
|
|a <strong>On-Campus Access:</strong> No User ID or Password Required
|
| 506 |
|
|
|a Electronic access restricted to authorized BRAC University faculty, staff and students
|
| 520 |
3 |
|
|a This paper examines the behavior of crude oil prices since 1980, and in particular the volatility of these prices. The empirical analysis covers 'spot' prices for one of the key internationally traded crudes, namely Dated Brent Blend. A GARCH (generalized autoregressive conditional heteroscedastic) model, which allows the conditional variance to be time-variant, is estimated for the period which includes the oil price slump of 1986 and the surge in prices in 1990 as a result of the Iraqi invasion of Kuwait. The paper also discusses the growth of futures and derivative markets and the dynamic links between spot and futures markets.
|
| 538 |
|
|
|a Mode of access: Internet
|
| 830 |
|
0 |
|a IMF Working Papers; Working Paper ;
|v No. 1996/082
|
| 856 |
4 |
0 |
|z Full text available on IMF
|u http://elibrary.imf.org/view/journals/001/1996/082/001.1996.issue-082-en.xml
|z IMF e-Library
|